00551nam a2200133Ia 4500008004100000100002400041245011400065245008300179260005300262260001800315300000800333650001500341856006100356170221s9999 xx 000 0 und d aYuriy A. Doroshenko 4aThe Conditions and the Mechanism of Students’ Self-Realization in Activity of Small Innovative Enterprises  cYuriy A. Doroshenko, Andrey I. Shutenko, Elena N. Shutenko, Petr I. Ospishchev bInternational Review of Management and Marketing cDecember 2012 a4:2 xMarketing. uhttp://www.econjournals.com/index.php/irmm/issue/view/88